000 00387nam a2200145Ia 4500
008 231129s1999||||xx |||||||||||||| ||spa||
020 _a958-33-0940-0
040 _bspa
082 _a291.42 R621m
100 _aRivera Ramirez Luz Amparo
245 0 _aMis experiencias con Dios
260 _c1999
264 _aEditorial Ltda.
942 _2ddc
_cBKS
999 _c21256
_d21256